000
00319 a2200109 4500
001
ART_30615
005
20260410162002.0
008
260409a
245
1
0
_a
Diseño organizativo y factor humano
100
1
_a
Gilli, Juan José
773
0
_t
Foro económico
_g
- Año III, Nº 4 (mayo 1997)
_w
REV30369
999
_c
31419
_d
31419